| 000 | 00796nam a2200217 4500 | ||
|---|---|---|---|
| 999 |
_c8652 _d8652 |
||
| 003 | AR-CdUCM | ||
| 008 | 190325b ||||| |||| 00| 0 spa d | ||
| 040 |
_aMUNICIPALIDAD PROVINCIAL DEL CUSCO _cBIBLIOTECA MUNICIPAL DEL CUSCO |
||
| 082 |
_a800.8 / _bP44 |
||
| 100 |
_aPérez Ocampo, Gustavo _946935 |
||
| 245 |
_aPalabra sobre palabra : _bAntologia sobre palabra / |
||
| 260 |
_aCusco : _bMunicipalidad del Qosqo, _c1995. |
||
| 300 |
_a149 paginas ; _c27x18 cm. |
||
| 505 | _aContenido: Cuaderno de la soledad inmortal -- calendario para el alba -- plural desvelo -- el corazón iluminado -- estancias para tupac amaru... | ||
| 650 |
_aAntologia _9142 |
||
| 650 |
_aIntelectual Literaria _924188 |
||
| 650 |
_aBorgiano _924189 |
||
| 650 |
_aCusco _9772 |
||
| 942 |
_2ddc _cLIBROS |
||
| 945 | _apjha | ||